000 01450namaa22003251i 4500
005 20260228130642.0
008 260207s1996 ua a|||fr|m|| 000 0 eng d
040 _aEG-GICUC
_beng
_cEG-GICUC
_dEG-GICUC
_erda
041 0 _aeng
_beng
_bara
049 _aDeposit
097 _aPh.D
099 _aCai01.13.05.Ph.D.1996.Ha.S
100 0 _aHanan Hussien Eltobgy ,
_epreparation.
245 1 0 _aStability analysis of semi-Rigidly connected steel frames subjected to dynamic loading /
_cBy Hanan Hussien Eltobgy ; Supervised Prof. Dr. M. Sh. Aggour, Prof. Dr. E. S. B. Machaly, Dr. A. A. Rashed.
246 1 5 _aتحليل اتزان الاطارات المعدنية ذات الوصلات شبه الجاسئة والمعرضة لاحمال ديناميكية
264 0 _c1996
300 _a301 pages :
_billustrations ;
_c25 cm. +
336 _2rda content
_atext
337 _2rdamedia
_aUnmediated
338 _2rdacarrier
_avolume
502 _a Thesis (Ph.D)-Cairo University,1996.
504 _aBibliography: pages 273-283.
653 0 _asemi-Rigidly connected
_asteel frames subjected to dynamic loading
700 0 _aM. Sh. Aggour
_ethesis advisor.
700 0 _aE. S. B. Machaly
_ethesis advisor.
700 0 _aA. A. Rashed
_ethesis advisor.
900 _DDepartment of Structural
_FFaculty of Engineering
_UCairo University
_b1996
_cM. Sh. Aggour
_cE.S.B.Machaly
_c A.A.Rashed
905 _aNagat
_eNourhan
942 _2ddc
_cTH
_e21
_n0
999 _c178223